Holding hands : (Record no. 3211)

MARC details
000 -LEADER
fixed length control field 00863cam a2200253 a 4500
001 - CONTROL NUMBER
control field 11861710
003 - CONTROL NUMBER IDENTIFIER
control field GBCCL
005 - DATE AND TIME OF LATEST TRANSACTION
control field 20241126110450.0
008 - FIXED-LENGTH DATA ELEMENTS--GENERAL INFORMATION
fixed length control field 991207s2000 mou 000 0 eng
010 ## -
-- 99050850
020 ## - INTERNATIONAL STANDARD BOOK NUMBER
International Standard Book Number 0570052432
020 ## - INTERNATIONAL STANDARD BOOK NUMBER
International Standard Book Number 057005267X (cover)
040 ## - CATALOGING SOURCE
Original cataloging agency DLC
Transcribing agency DLC
Modifying agency DLC
050 00 -
-- BV4527
-- D84 2000
082 00 - DEWEY DECIMAL CLASSIFICATION NUMBER
Classification number 242.643
Edition information 21
Item number DUE
100 1# - MAIN ENTRY--PERSONAL NAME
Personal name Duerr, Catherine.
9 (RLIN) 6635
245 10 - TITLE STATEMENT
Title Holding hands :
Remainder of title devotions for women /
Statement of responsibility, etc. by Catherine Duerr.
260 ## - PUBLICATION, DISTRIBUTION, ETC.
Place of publication, distribution, etc. St. Louis, MO :
Name of publisher, distributor, etc. CPH,
Date of publication, distribution, etc. c2000.
300 ## - PHYSICAL DESCRIPTION
Extent 207 p. ;
Dimensions 21 cm.
650 #0 - SUBJECT ADDED ENTRY--TOPICAL TERM
Topical term or geographic name entry element Christian women
General subdivision Religious life.
9 (RLIN) 3732
906 ## - LOCAL DATA ELEMENT F, LDF (RLIN)
a 7
b cbc
c orignew
d 1
e ecip
f 19
g y-gencatlg
942 ## - ADDED ENTRY ELEMENTS (KOHA)
Source of classification or shelving scheme Dewey Decimal Classification
Koha item type Books
Holdings
Withdrawn status Lost status Source of classification or shelving scheme Damaged status Not for loan Home library Current Library Shelving location Date acquired Total checkouts Full call number Barcode Date last seen Copy number Price effective from Koha item type
    Dewey Decimal Classification     GRACE BIBLE COLLEGE GRACE BIBLE COLLEGE Ministry & Mission 2017-11-20   242.643 DUE 012047 2025-05-01 c.1 2017-11-20 Books
    Dewey Decimal Classification     GRACE BIBLE COLLEGE GRACE BIBLE COLLEGE Ministry & Mission 2017-11-20   242.643 DUE 012048 2025-05-01 c.2 2017-11-20 Books
    Dewey Decimal Classification     GRACE BIBLE COLLEGE GRACE BIBLE COLLEGE Ministry & Mission 2017-11-20   242.643 DUE 012049 2025-05-01 c.3 2017-11-20 Books
    Dewey Decimal Classification     GRACE BIBLE COLLEGE GRACE BIBLE COLLEGE Ministry & Mission 2017-11-20   242.643 DUE 012050 2025-05-01 c.4 2017-11-20 Books
    Dewey Decimal Classification     GRACE BIBLE COLLEGE GRACE BIBLE COLLEGE Ministry & Mission 2017-11-20   242.643 DUE 012051 2025-05-01 c.5 2017-11-20 Books
© Grace Bible College Library 2025